000 01409cam a2200133 4500500
005 20251214004346.0
041 _afre
042 _adc
100 1 0 _aRipa, Yannick
_eauthor
245 0 0 _aLes femmes, actrices de l'Histoire : France, de 1789 à nos jours
260 _bArmand Colin,
_c2023.
520 _aPrès de deux siècles et demi séparent les emblématiques Olympe de Gouges, guillotinée pour s’être prise pour un homme d’Etat et Ségolène Royal, première candidate présidentiable. Dans ce long temps, les femmes se sont peu à peu dégagées des rôles et statuts que leur assignait le genre, au nom de leur nature. En suivant cette marche vers une égalité des sexes, jamais atteinte, ce livre rend aux femmes leur mémoire et aux hommes le passé féminin. Il s’attache à décrire la réalité quotidienne, qui a évolué sous l’effet conjugué des révolutions politiques et économiques, des guerres mais aussi des combats féministes. En retraçant la présence des femmes ou leur absence sur le devant de la scène, de la Révolution française à nos jours, il dessine une chronologie spécifique aux rapports des sexes. Il découvre ainsi les femmes, actrices de l’Histoire et confirme qu’une histoire sans les femmes n’est plus possible.
856 4 1 _uhttps://shs.cairn.info/les-femmes-actrices-de-l-histoire--9782200636418?lang=fr&redirect-ssocas=7080
999 _c1568492
_d1568492